000 00378 a2200109 4500
001 ART_56531
005 20260410162049.0
008 260409a
245 1 0 _aLa autonomía del derecho aduanero como ciencia normativa. Evolución y relaciones con otras ramas del derecho.
100 1 _aSchurig, Harry
773 0 _tImpuestos
_g- N° 125 (jun. 2022)
_wREV45175
999 _c35594
_d35594